000 00936nas a2200313 4500
001 BR0100571
003 BR-BrBNA
005 20231205102044.0
007 ta
008 230509b bl.|||p| |||| 00| 00por d
040 _aBR-BrBNA
_bpor
_cBiblioteca Nacional de Agricultura
041 _a(Pt)
072 _aP35
100 1 _aPrata, F.
100 1 _aLavorenti, A.
100 1 _aRegitano, J.B.
100 1 _aTornisielo, V.L.
245 1 _aDegradacao e adsorcao de diuron em solos tratados com vinhaca
650 _aVinhaca
650 _aLatossolo Vermelho Amarelo
650 _aLatossolo Roxo
650 _aDeterioracao do Solo
650 _aMineralizacao
650 _aHerbicida
650 _aPropriedade Fisico-Quimica
773 0 _tRevista Brasileira de Ciencia do Solo (Brazil)
_xISSN 0100-0683
_g(Jan-Mar 2000), v. 24(1) p. 217-223
_wBR0100571
909 _a202311
_bLúcia
_c55
_dLúcia Elande
942 _2AGRIS
_n0
_cANA
999 _c165484
_d165484